Συνταγματικό δίκαιο

Αποθηκεύτηκε σε:
Λεπτομέρειες βιβλιογραφικής εγγραφής
Κύριος συγγραφέας: Μαυριάς, Κώστας Γ.
Μορφή: Βιβλίο
Γλώσσα:Greek
Δημοσίευση: Αθήνα ; Κομοτηνή : Αντ. Ν. Σάκκουλας, 2005.
Έκδοση:4η επαυξ. έκδ.
Θέματα:
Ετικέτες: Προσθήκη ετικέτας
Δεν υπάρχουν, Καταχωρήστε ετικέτα πρώτοι!

MARC

LEADER 00000cam a2200000 a 4500
001 1/115353
008 171023s2005####gr | ||| |||| ||gre||
020 |a 9601514937 
040 |a GR-MyUa  |b gre  |c GR-MyUa  |e AACR2 
041 0 |a gre 
082 7 |a 342   |2 (23) 
100 1 |a Μαυριάς, Κώστας Γ. 
245 1 0 |a Συνταγματικό δίκαιο /   |c Κώστας Γ. Μαυριάς.  
250 |a 4η επαυξ. έκδ. 
260 |a Αθήνα ;   |a Κομοτηνή :   |b Αντ. Ν. Σάκκουλας,   |c 2005.  
300 |a 867 σ. ;   |c 25 εκ.  
504 |a Περιλαμβάνει βιβλιογραφίες και ευρετήριο.  
650 0 |a Constitutional law  |z Greece. 
852 |a INST  |b SYROS  |e 20171023  |h 342 ΜΑΥ  |p 005500013205  |q 005500013205  |t BK  |y 0 
970 |a Κοντού  |b Παρασκευή  |z 23/10/2017